Karty kredytowe

Na minha lista:
Detalhes bibliográficos
Autor principal: Stecki, Leopold
Formato: Livro
Idioma:polonês
Publicado em: Torun Dom Organizatora 1998
Assuntos:
Tags: Adicionar Tag
Sem tags, seja o primeiro a adicionar uma tag!

MARC

LEADER 00000nam a2200000 4500
001 c123113
005 20221221084424.9
020 |a 83-87673-05-6 
041 0 |a pol 
044 |a PL 
245 1 0 |a Karty kredytowe  |c Leopold Stecki 
264 1 |a Torun  |b Dom Organizatora  |c 1998 
300 |a 469 s. 
610 2 0 |a úver 
610 2 0 |a karty platobné 
610 2 0 |a emitenti 
610 2 0 |a banky 
610 2 0 |a služby bankové 
100 1 |a Stecki, Leopold